000 00483cam a2200181ua 4500
020 _a81-204-0772-5
_c185.00
041 _aeng
_h
082 _a574
_bAHM/TE
100 _aAhmad, Mukhtar .
245 _aText book of modern biochemistry, Vol 2 /
_cMukhtar Ahmad.
_hTextual Documents
250 _a1 /
_b.
260 _aNew Delhi :
_bOxford & IBH Publishing company ,
_c1995.
300 _a218 ; .
365 _a185.00
504 _a
942 _cBK
999 _c9789
_d9789